000 00805nam a22002297a 4500
005 20130522172421.0
010 _aENG-105294
020 _a9788189738372
_c4500.00
035 _aEN-88827
035 _aB-521915-920
037 _bLiteracy House/Ven
082 _a745.50954
100 _aJaitly, Jaya
245 _aCrafts atlas of India /
_cby Jaya Jaitly ; edited by Supriya Mukherjee
260 _aNew Delhi
_bNiyogi Books
_c2012
270 _aD-78, Okhla Industrial Area, Phase-I
_bNew Delhi
_e110020
300 _a464p. :
_c27cm(Hb)
_bcol.photos
500 _aIncludes index
700 _aMukherjee, Supriya
_947196
942 _2ddc
_cEN
_mJAI
_h745.50954
999 _c66734
_d66734